Özv. Bleier Izidorné szül. Ratzenstein Fáni
Elmentve itt :
| Dokumentumtípus: | Cikk |
|---|---|
| Megjelent: |
1930-02-18
|
| Sorozat: | Délmagyarország
6 No. 40 |
| Kulcsszavak: | Bleier Izidorné Ratzenstein Fáni, Gyászjelentés Fáni |
| Online Access: | http://dmarchiv.bibl.u-szeged.hu/38735 |
| LEADER | 00458nab a2200145 i 4500 | ||
|---|---|---|---|
| 001 | delm38735 | ||
| 005 | 20180927130103.0 | ||
| 008 | 180927s1930 hu o 0|| hun d | ||
| 040 | |a SZTE Délmagyarország Archívum |b hun | ||
| 041 | |a hun | ||
| 245 | 0 | 0 | |a Özv. Bleier Izidorné szül. Ratzenstein Fáni |h [elektronikus dokumentum] |
| 260 | |c 1930-02-18 | ||
| 300 | |a 7 | ||
| 490 | 0 | |a Délmagyarország |v 6 No. 40 | |
| 695 | |a Bleier Izidorné Ratzenstein Fáni, Gyászjelentés Fáni | ||